Toy Story 3 (Registo nº 1363)
[ vista simples ]
| 000 -Etiqueta do registo | |
|---|---|
| Cabeçalho | 01287nlm a2200265 4500 |
| 005 - Identificador da versão | |
| Campo de controlo | 20240813121834.0 |
| 100 ## - Dados gerais de processamento | |
| Dados gerais de processamento | 20120223d2010 d y0pory5003 ba |
| 102 ## - Pais de publicação ou produção | |
| País de publicação | Portugal |
| 101 1# - Língua de publicação | |
| Língua do texto, banda sonora, etc. | Português |
| Língua do documento no original | Inglês |
| 115 ## - Campo de dados codificados: Projecções Visuais, Filmes e Vídeos | |
| Dados modificados - geral | a ba |
| 215 ## - Descrição física | |
| Indicação específica da natureza do documento e extensão da espécie | 1 disco óptico ( 98 min) |
| Outras indicações físicas | cor, som |
| 200 1# - Titulo e menção de responsabilidade | |
| Título próprio | Toy Story 3 |
| Primeira menção de responsabilidade | realização Lee Unkrich |
| 210 ## - Publicação, Distribuição, etc. | |
| Lugar da edição, distribuição, etc. | Lisboa |
| Nome do editor, distribuidor, etc. | Zon Lusomundo Audiovisuais (distrib.) |
| Data da publicação, distribuição, etc. | 2010 |
| 300 ## - Notas gerais | |
| Texto da nota | Idiomas: português, inglês, catalão e espanhol |
| Texto da nota | Legendas: português, inglês, inglês para deficientes auditivos, espanhol |
| Texto da nota | Conteúdos extras: curta animação Dia e Noite, comentários dos produtores, a missão de Buzz Lightyear: A ciência da aventura, histórias de estúdio: onde está o Gordon? |
| 322 ## - Nota aos responsáveis artísticos e técnicos (material de projecção e video e registos sonoros) | |
| Texto da nota | Produção Executiva: John Lasseter; Produção: Darla K. Andersen; Música: Randy Newman; Argumento: John Lasseter, Andrew Stanton e Lee Unkrich |
| 333 ## - Nota relativa aos potenciais utilizadores | |
| Texto da nota | para maiores de 6 anos |
| 327 ## - Nota de conteúdo | |
| Texto da nota | conteúdos extras: curta animação Dia e Noite, comentários dos produtores, a missão de Buzz Lightyear: A ciência da aventura, histórias de estúdio: onde está o Gordon?, |
| 701 #1 - Nome de autor-pessoa física (co-responsabilidade principal) | |
| Palavra de ordem | Andersen |
| Outra parte do nome não tomada para palavra de ordem | Darla K. |
| Código de função | Produtor |
| 700 #1 - Nome de autor-pessoa física (responsabilidade principal) | |
| Número de registo de entrada de autoridade | 0001913 |
| Palavra de ordem | Unkrich |
| Outra parte do nome não tomada para palavra de ordem | Lee |
| 966 ## - Identificação da Biblioteca | |
| Sigla | NUMETECA |
| 942 ## - Elementos de entrada adicionados (Koha) | |
| Tipo de item no Koha | Livro |
| Situação do levantamento | Origin of item (home branch) (coded) | Biblioteca de empréstimo | Código de barras | Cota | Circulation type (not for loan) | Tipo de documento | Nota do exemplar | Damaged status |
|---|---|---|---|---|---|---|---|---|
| Biblioteca Escolar Eng. Nuno Mergulhão | Biblioteca Escolar Eng. Nuno Mergulhão | BENM3217 | 2010 | F STO | DVD | Sem mensagem |
